000 00918cam a22002893a 4500
001 22304
003 PGUSA
005 20140828083456.0
008 070813s2007||||xxu|||||s|||||000 1 eng d
040 _aPGUSA
_beng
042 _adc
050 4 _aPS
100 1 _aTaylor, C. Bryson,
_d1880-
245 1 0 _aNicanor - Teller of Tales :
_bA Story of Roman Britain
_h[electronic resource] /
_cC. Bryson Taylor
260 _bProject Gutenberg,
_c2007
506 _aPublic domain in the USA.
516 _aElectronic text
653 _aBritons -- Fiction
653 _aHistorical fiction
653 _aRomans -- Great Britain -- Fiction
653 _aGreat Britain -- History -- Roman period, 55 B.C.-449 A.D. -- Fiction
700 1 _aKinney, Troy,
_d1871-1938
700 1 _aKinney, Margaret West,
_d1872-
830 0 _aProject Gutenberg
_v22304
856 4 0 _uhttp://www.gutenberg.org/ebooks/22304
942 _cEB
999 _c251559
_d251559